000 01100naa a22003137a 4500
001 BR5400082
003 BR-BrBNA
005 20240918181855.0
007 ta
008 230509b bl.||||| |||| 00| 0 por d
040 _aBR-BrBNA
_bpor
_cBiblioteca Nacional de Agricultura
041 _a(Pt)
072 _aL10
_b5212
_b514
090 _aL10 BR5400082
100 1 _aMies Filho, A.
100 1 _aRosa, A.J.
111 1 _a2. Congresso Panamericano de Medicina Veterinaria
_cSao Paulo, SP (Brazil)
_d3 Apr 1954
245 1 _aNormas praticas para a congelacao de semen de bovino no Brasil
260 3 _aSao Paulo, SP (Brasil):
_c1954.
500 _aAnais do 2. Congresso Panamericano de Medicina Veterinaria Sao Paulo, SP (Brasil): 1954. p. 284 (BR5400082-AM)L10
650 _aBovino
650 _aSemen
650 _aConservacao
650 _aCongelamento
650 _aInseminacao Artificial
773 0 _tAnais do 2. Congresso Panamericano de Medicina Veterinaria
_wL10 BR5400082
_gSao Paulo, SP (Brasil), 1954. p. 284
909 _a202404
_bLucia
_c55
_dLucia Elande
942 _cAM
_2AGRIS
999 _c327279
_d327279